00978nam a2200229 i 4500001000700000003000900007005001700016008004100033040003000074100003200104245008000136260003900216300003000255490007600285650002700361700003200388700003000420830008400450852006900534999001900603952012600622157374ES-MaACL20230906210652.0010307s1868 fr a |||| | fre d aCCPB | B bspa cCCPB | B1 aLe Pileur, Auguste.912879213aLe corps humain / cpar A. le Pileur ; ouvrage illustré par Léveillé. aParis : bHachette et Cie, c1868. a342 p. : bil. ; c18 cm.1 aBibliothèque des merveilles / sous la direction de Édouard Charton 4aCuerpo humano.91358551 aLéveillé, J.-B.91291861 aCharton, Edouard.91264640 aBibliothèque des merveilles / sous la direction de Édouard Charton9221777 aES-MaACLjD-1549 z-- Enc. editorial z.- Legado M. de la Fuente c157374d157374 001040708LIBXIXaATENEOMbATENEOMcSVId2008-01-17eSSCl0oD-1549p901164691r2023-02-23 00:00:00w2023-02-23yMONANT